[Event "Mondiale Lampo FIDE 2019"]
[Site "Mosca"]
[Date "29.12.2019"]
[Round "5.58"]
[White "Perunovic, Milos"]
[Black "Novikov, Stanislav"]
[Result "1/2-1/2"]
[WhiteTitle "GM"]
[BlackTitle "GM"]
[WhiteElo "2589"]
[BlackElo "2531"]
[WhiteFideId "921629"]
[BlackFideId "4125371"]
[EventDate "2019.12.29"]

1. e4 g6 2. d4 Bg7 3. Nc3 c6 4. h3 b5 5. Nf3 d6 6. Bd3 Nd7 7. O-O Qc7 8. a4 b4
9. Ne2 Ngf6 10. Ng3 Bb7 11. Be3 c5 12. c3 c4 13. Bb1 bxc3 14. bxc3 O-O 15. Qd2
Rfe8 16. Bh6 Bh8 17. a5 Rab8 18. Bc2 e5 19. Rfe1 Bc6 20. d5 Bb5 21. Reb1 Nc5 22.
Rb4 Na6 23. Rb2 Bd7 24. Rxb8 Rxb8 25. Nf5 Bxf5 26. exf5 Nc5 27. fxg6 hxg6 28.
Qe2 e4 29. Ng5 Rb2 30. Rb1 Qb7 31. Rxb2 Qxb2 32. Qd2 Nd3 33. h4 Bg7 34. Bxg7
Kxg7 35. f3 exf3 36. Nxf3 Nxd5 37. h5 Qxc3 38. h6+ Kh7 39. Ng5+ Kg8 40. h7+ Kg7
41. Qe2 Qe1+ 42. Qxe1 Nxe1 43. Be4 Nf6 44. Bb1 c3 45. Kf2 c2 46. Bxc2 Nxc2 47.
Nxf7 Nxh7 48. Nxd6 Nb4 49. a6 Nxa6 50. Nb5 Nc5 51. Nxa7 Nf6 52. Nc6 Nfd7 53. Ke3
Kf6 54. Nd4 Ne6 55. Nf3 Ne5 56. Nd2 Kf5 57. Kf2 Nc5 58. Nf1 Kf4 59. g3+ Kg4 60.
Ne3+ Kh3 61. Nd5 Ne4+ 62. Ke3 Nxg3 63. Nf4+ Kg4 64. Nxg6 1/2-1/2

[Event "Mondiale Lampo FIDE 2019"]
[Site "Mosca"]
[Date "29.12.2019"]
[Round "5.59"]
[White "Khanin, Semen"]
[Black "Tran, Tuan Minh"]
[Result "1-0"]
[WhiteTitle "IM"]
[BlackTitle "GM"]
[WhiteElo "2500"]
[BlackElo "2529"]
[WhiteFideId "4111990"]
[BlackFideId "12401820"]
[EventDate "2019.12.29"]

1. e4 c5 2. Nf3 d6 3. d4 cxd4 4. Nxd4 Nf6 5. Nc3 a6 6. f3 e5 7. Nb3 Be6 8. Be3
Nbd7 9. g4 h6 10. Qd2 b5 11. a4 b4 12. Nd5 Bxd5 13. exd5 Nb6 14. Bxb6 Qxb6 15.
O-O-O Be7 16. h4 O-O 17. a5 Qb7 18. Bd3 Kh8 19. Bf5 Rab8 20. Kb1 Qc7 21. f4 Rb5
22. g5 Rxd5 23. Qe2 Rxd1+ 24. Rxd1 Ng8 25. fxe5 dxe5 26. Rd7 Qc6 27. Qxe5 Re8
28. gxh6 Qxh6 29. Bd3 Qxh4 30. Ka2 Rf8 31. Bxa6 Bf6 32. Qd5 Nh6 33. Bd3 Qf2 34.
a6 Ng4 35. Qe4 Qh4 36. a7 g6 37. a8=R Rxa8+ 38. Qxa8+ Kg7 39. Qb7 Ne5 40. Rd5
Qh2 41. Qxb4 Qf2 42. Ra5 Nc6 43. Qc5 Qg2 44. Ra4 Ne5 45. Be4 Qf1 46. Ra7 Qe2 47.
Bd5 Qg2 48. Bxg2 1-0

[Event "Mondiale Lampo FIDE 2019"]
[Site "Mosca"]
[Date "29.12.2019"]
[Round "5.60"]
[White "Grigoriants, Sergey"]
[Black "Studer, Noel"]
[Result "1-0"]
[WhiteTitle "GM"]
[BlackTitle "GM"]
[WhiteElo "2542"]
[BlackElo "2546"]
[WhiteFideId "4130804"]
[BlackFideId "1319620"]
[EventDate "2019.12.29"]

1. c4 e5 2. g3 Nf6 3. Bg2 d5 4. cxd5 Nxd5 5. Nc3 Nb6 6. d3 Be7 7. Be3 O-O 8. Rc1
Re8 9. Qd2 Bf8 10. a3 c6 11. Nf3 N8d7 12. O-O Nc5 13. Qc2 Be6 14. Bxc5 Bxc5 15.
Nxe5 a5 16. Ne4 Bd4 17. Nf3 a4 18. Nxd4 Qxd4 19. Qc5 Rad8 20. Qxd4 Rxd4 21. Nc5
Bc8 22. e3 Rdd8 23. d4 Re7 24. Rc3 Bg4 25. b3 Be2 26. Rb1 Bb5 27. bxa4 Nxa4 28.
Nxa4 Bxa4 29. Bf1 Ra8 30. Rb6 Kf8 31. Rc1 Ke8 32. Rcb1 Ra7 33. Bd3 h5 34. h4 Kd8
35. Kf1 Kc7 36. R6b4 Re6 37. Ke2 Rf6 38. Ke1 Re6 39. Be2 g6 40. Bc4 Rf6 41. Bd3
Rd6 42. Be2 Rf6 43. R1b2 Kc8 44. Rc4 Kd7 45. Rc5 Kc7 46. Bd3 b6 47. Rc3 Kd7 48.
f4 Kc7 49. Kf2 Ra5 50. e4 Rd6 51. Ke3 Bd1 52. e5 Rd7 53. Be4 c5 54. dxc5 bxc5
55. Rb7+ Kc8 56. Rxd7 Kxd7 57. Rd3+ Ke7 58. Rxd1 Rxa3+ 59. Rd3 Ra2 60. Rc3 Ra5
61. Bd5 Ke8 62. f5 c4 63. Kd4 gxf5 64. Rxc4 Ra3 65. Rc3 Ra4+ 66. Bc4 Ke7 67. Rf3
f6 68. Rxf5 fxe5+ 69. Rxe5+ Kf6 70. Rxh5 1-0

[Event "Mondiale Lampo FIDE 2019"]
[Site "Mosca"]
[Date "29.12.2019"]
[Round "5.61"]
[White "Sadhwani, Raunak"]
[Black "Guliyev, Namig"]
[Result "1-0"]
[WhiteTitle "IM"]
[BlackTitle "GM"]
[WhiteElo "2507"]
[BlackElo "2548"]
[WhiteFideId "35093487"]
[BlackFideId "13400363"]
[EventDate "2019.12.29"]

1. c4 c6 2. Nf3 d5 3. e3 Nf6 4. Nc3 e6 5. b3 b6 6. Bb2 Bb7 7. Qc2 Nbd7 8. Be2
Bd6 9. g4 Nxg4 10. Rg1 Ngf6 11. Rxg7 Qe7 12. Ng5 Rf8 13. Nxh7 Nxh7 14. Rxh7 Nf6
15. Rh6 Nd7 16. O-O-O Ba3 17. Bxa3 Qxa3+ 18. Kb1 a6 19. Rg1 b5 20. cxd5 cxd5 21.
Bh5 Qe7 22. Rg7 Nf6 23. Bf3 Rc8 24. Qb2 Nd7 25. Ne2 Nc5 26. d4 Nd3 27. Qd2 Nxf2
28. Nf4 Qa3 29. Rg1 Ne4 30. Bxe4 dxe4 31. Qe2 Qd6 32. Qh5 Kd8 33. Rh7 Qc6 34.
Qe2 Qc3 35. Rf1 Rc6 36. Ng6 Rg8 37. Ne5 Rc7 38. Rhxf7 Rxf7 39. Nxf7+ Ke7 40. Ne5
Rg7 41. Qf2 Kd6 42. Qf8+ 1-0

[Event "Mondiale Lampo FIDE 2019"]
[Site "Mosca"]
[Date "29.12.2019"]
[Round "5.62"]
[White "Gundavaa, Bayarsaikhan"]
[Black "Yuffa, Daniil"]
[Result "0-1"]
[WhiteTitle "GM"]
[BlackTitle "GM"]
[WhiteElo "2489"]
[BlackElo "2566"]
[WhiteFideId "4901045"]
[BlackFideId "24131423"]
[EventDate "2019.12.29"]

1. d4 Nf6 2. c4 e6 3. Nc3 Bb4 4. e3 O-O 5. Nf3 c5 6. Bd3 d5 7. O-O cxd4 8. exd4
dxc4 9. Bxc4 b6 10. Re1 Bb7 11. Bd3 Nc6 12. a3 Bxc3 13. bxc3 Ne7 14. a4 Rc8 15.
Bd2 Ng6 16. Ne5 Nd5 17. Qb3 Ndf4 18. Bf1 Qd5 19. Qxd5 Nxd5 20. c4 Nxe5 21. cxd5
Nc4 22. Bb4 Rfe8 23. d6 Red8 24. Rac1 Nxd6 25. Bxd6 Rxd6 26. Rxc8+ Bxc8 27. Rc1
Bd7 28. Rc7 g5 29. Rxa7 Rxd4 30. f3 Bxa4 31. Rb7 Rb4 32. Bd3 Kg7 33. Be4 Bb3 34.
Kf2 Bd5 35. Bxd5 exd5 36. Rd7 Rb5 37. Rd6 h5 38. Ke3 Rb3+ 39. Kf2 Rb2+ 40. Kg3
Rb5 41. h4 gxh4+ 42. Kxh4 Kf8 43. Kxh5 Ke7 44. Rc6 d4+ 45. Kg4 d3 46. Rc1 d2 47.
Rd1 Rd5 48. Kf4 Ke6 49. Ke3 Ke5 50. g3 b5 51. Rxd2 Rxd2 52. Kxd2 Kd4 53. g4 b4 0-1

[Event "Mondiale Lampo FIDE 2019"]
[Site "Mosca"]
[Date "29.12.2019"]
[Round "5.63"]
[White "Kazakouski, Valery"]
[Black "Utegaliyev, Azamat"]
[Result "0-1"]
[WhiteTitle "IM"]
[WhiteElo "2485"]
[BlackElo "2502"]
[WhiteFideId "13507443"]
[BlackFideId "13702467"]
[EventDate "2019.12.29"]

1. d4 Nf6 2. Nf3 g6 3. c4 Bg7 4. g3 d6 5. Bg2 O-O 6. O-O c6 7. Nc3 Bf5 8. Ne1
Qc8 9. e4 Bh3 10. Nd3 Bxg2 11. Kxg2 a6 12. e5 Nfd7 13. Qe2 Re8 14. Bf4 dxe5 15.
Nxe5 Nxe5 16. Bxe5 Nd7 17. Bxg7 Kxg7 18. f4 Nf6 19. Rad1 b5 20. b3 bxc4 21. Qxc4
Qf5 22. Rfe1 Nd5 23. Ne4 h5 24. Nf2 h4 25. Re2 hxg3 26. hxg3 Rh8 27. Qd3 Qd7 28.
Rde1 Rh7 29. Rh1 Rxh1 30. Kxh1 a5 31. Qe4 a4 32. Qe5+ f6 33. Qe6 Qb7 34. bxa4
Rxa4 35. Ne4 Rxa2 36. Rxa2 Qb1+ 37. Kg2 Qxa2+ 38. Kh3 Nxf4+ 0-1

[Event "Mondiale Lampo FIDE 2019"]
[Site "Mosca"]
[Date "29.12.2019"]
[Round "5.64"]
[White "Vastrukhin, Oleg"]
[Black "Kezin, Roman"]
[Result "1-0"]
[WhiteTitle "IM"]
[BlackTitle "IM"]
[WhiteElo "2428"]
[BlackElo "2470"]
[WhiteFideId "4192770"]
[BlackFideId "24124621"]
[EventDate "2019.12.29"]

1. Nf3 d5 2. g3 Nf6 3. Bg2 e6 4. O-O Be7 5. d3 c5 6. Nbd2 Nc6 7. e4 b6 8. e5 Nd7
9. Re1 g5 10. h3 h5 11. g4 hxg4 12. hxg4 Bb7 13. Nf1 Qc7 14. Qe2 O-O-O 15. Ng3
Rdg8 16. c3 Kb8 17. a3 Rh4 18. Nxh4 gxh4 19. Nh5 Ncxe5 20. Bf4 Bd6 21. g5 Nc6
22. Bxd6 Qxd6 23. f4 Ne7 24. Qf2 Nf5 25. Bh3 d4 26. Bxf5 exf5 27. cxd4 cxd4 28.
Re2 f6 29. Rae1 Qd5 30. Kh2 fxg5 31. fxg5 Rxg5 32. Qf4+ Ka8 33. Re8+ Bc8 34.
Rxc8+ Kb7 35. Rc7+ Ka6 36. Qxg5 Ne5 37. Rxe5 Qxe5+ 38. Qf4 Qe2+ 39. Kh3 Qxh5 40.
Rc2 Qd1 41. Rf2 Qxd3+ 42. Qf3 Qc4 43. Qxf5 d3 44. Rd2 Qc6 45. Qxd3+ Ka5 46. Qc3+ 1-0

[Event "Mondiale Lampo FIDE 2019"]
[Site "Mosca"]
[Date "29.12.2019"]
[Round "5.65"]
[White "Batchuluun, Tsegmed"]
[Black "Predke, Alexandr"]
[Result "0-1"]
[WhiteTitle "GM"]
[BlackTitle "GM"]
[WhiteElo "2530"]
[BlackElo "2676"]
[WhiteFideId "4900847"]
[BlackFideId "24107581"]
[EventDate "2019.12.29"]

1. d4 Nf6 2. c4 e6 3. Nf3 b6 4. g3 Bb7 5. Bg2 Bb4+ 6. Bd2 Be7 7. Nc3 c6 8. e4 d5
9. cxd5 cxd5 10. e5 Ne4 11. O-O Nxd2 12. Qxd2 O-O 13. Rac1 Nc6 14. h4 Rc8 15.
Rfd1 Ba6 16. Bf1 Bxf1 17. Rxf1 Bb4 18. Qd3 h6 19. Ne2 Qd7 20. Kg2 Na5 21. Rxc8
Rxc8 22. Rc1 Rxc1 23. Nxc1 Qc6 24. Ne2 Qc4 25. Qxc4 Nxc4 26. b3 Na3 27. g4 Nc2
28. h5 Ba3 29. Kf1 Nb4 30. Nc3 Bb2 31. Nd1 Ba1 32. a4 Nc2 33. Ke2 Nxd4+ 34. Nxd4
Bxd4 35. f4 f6 36. exf6 gxf6 37. Kd3 e5 38. Ne3 Bxe3 39. Kxe3 exf4+ 40. Kxf4 Kf7
41. Kf5 a5 42. Kf4 Ke6 43. Kf3 Ke5 44. Ke3 0-1

[Event "Mondiale Lampo FIDE 2019"]
[Site "Mosca"]
[Date "29.12.2019"]
[Round "5.66"]
[White "Tsvetkov, Andrey"]
[Black "Nozdrachev, Vladislav"]
[Result "1/2-1/2"]
[WhiteTitle "FM"]
[BlackTitle "IM"]
[WhiteElo "2350"]
[BlackElo "2494"]
[WhiteFideId "34139360"]
[BlackFideId "24113441"]
[EventDate "2019.12.29"]

1. d4 Nf6 2. c4 e6 3. Nc3 d5 4. cxd5 exd5 5. Bg5 c6 6. e3 Be7 7. Bd3 O-O 8. Nge2
Nbd7 9. Qc2 Re8 10. O-O Nf8 11. Rad1 g6 12. f3 Ne6 13. Bh4 b5 14. h3 Bd7 15. Bf2
Nh5 16. a3 a5 17. Rfe1 Bd6 18. e4 Nef4 19. Nxf4 Nxf4 20. Bf1 Qg5 21. Kh1 Qh5 22.
e5 Bf8 23. Be3 Bh6 24. Qd2 Qh4 25. Qf2 Qxf2 26. Bxf2 Ne6 27. g3 f6 28. f4 Kf7
29. Bg2 Bf8 30. Rc1 b4 31. Na4 bxa3 32. bxa3 Bxa3 33. Rc2 Rab8 34. Rec1 Bxc1 35.
Rxc1 Rb4 36. Nc5 Nxc5 37. Rxc5 Ra8 38. Rxd5 cxd5 39. Bxd5+ Be6 40. Bxa8 a4 41.
d5 a3 42. dxe6+ Kxe6 43. exf6 a2 1/2-1/2

[Event "Mondiale Lampo FIDE 2019"]
[Site "Mosca"]
[Date "29.12.2019"]
[Round "5.67"]
[White "Korobov, Anton"]
[Black "Pogosyan, Stefan"]
[Result "1-0"]
[WhiteTitle "GM"]
[BlackTitle "IM"]
[WhiteElo "2668"]
[BlackElo "2459"]
[WhiteFideId "14105730"]
[BlackFideId "34159867"]
[EventDate "2019.12.29"]

1. d4 f5 2. g3 Nf6 3. Bg2 d6 4. Nf3 g6 5. O-O Bg7 6. b3 O-O 7. Bb2 Nc6 8. d5 Nb8
9. c4 c6 10. Nc3 a5 11. Nd4 Bd7 12. Rc1 Qe8 13. Na4 c5 14. Nb6 Ra6 15. Nxd7
Nfxd7 16. e3 cxd4 17. exd4 Ra8 18. Qd2 Na6 19. Rfe1 b6 20. Re2 Qf7 21. Rce1 Rae8
22. f4 Nc7 23. a3 Nf6 24. Re6 Bh6 25. R6e2 e6 26. dxe6 Rxe6 27. d5 Rxe2 28. Rxe2
Re8 29. Bd4 Rxe2 30. Qxe2 Nd7 31. b4 Bg7 32. Bf2 Qf6 33. h3 Qa1+ 34. Kh2 Kf7 35.
c5 bxc5 36. bxc5 Nxc5 37. Bxc5 dxc5 38. d6 Ne6 39. Bd5 Qf6 40. d7 Ke7 41. Bxe6
Kd8 42. Bxf5 Qb2 43. Bc2 Kxd7 44. a4 Bd4 45. h4 Qc3 46. Qe4 Qd2+ 47. Kh3 Qc3 48.
Bd3 Kd6 49. Bb5 Qd2 50. Qc6+ Ke7 51. Qd7+ Kf6 52. Bc4 1-0

[Event "Mondiale Lampo FIDE 2019"]
[Site "Mosca"]
[Date "29.12.2019"]
[Round "5.68"]
[White "Giri, Anish"]
[Black "Gasanov, Eldar"]
[Result "1-0"]
[WhiteTitle "GM"]
[BlackTitle "GM"]
[WhiteElo "2769"]
[BlackElo "2481"]
[WhiteFideId "24116068"]
[BlackFideId "14104466"]
[EventDate "2019.12.29"]

1. e4 c5 2. Nf3 Nc6 3. Bb5 Nf6 4. Bxc6 dxc6 5. d3 Bg4 6. Nbd2 Nd7 7. h3 Bh5 8.
g4 Bg6 9. Nc4 Qc7 10. Qe2 e6 11. e5 b5 12. Ncd2 h5 13. Rg1 hxg4 14. hxg4 Be7 15.
b3 Nb6 16. Bb2 Nd5 17. Ne4 Qa5+ 18. Qd2 Nb4 19. Kf1 Bxe4 20. dxe4 Rd8 21. Qe2 c4
22. Kg2 Na6 23. c3 Qb6 24. bxc4 bxc4 25. Rab1 Rd3 26. Rh1 Rxh1 27. Rxh1 Nc5 28.
Ne1 Rd8 29. Ba3 Qa6 30. Rh8+ Kd7 31. Bxc5 Rxh8 32. Qd2+ Ke8 33. Bxe7 Qc8 34. Bd6
f6 35. Nf3 Kf7 36. Qf4 Kg6 37. exf6 gxf6 38. e5 Qd8 39. exf6 1-0

[Event "Mondiale Lampo FIDE 2019"]
[Site "Mosca"]
[Date "29.12.2019"]
[Round "5.69"]
[White "Nihal, Sarin"]
[Black "Bartel, Mateusz"]
[Result "1/2-1/2"]
[WhiteTitle "GM"]
[BlackTitle "GM"]
[WhiteElo "2612"]
[BlackElo "2634"]
[WhiteFideId "25092340"]
[BlackFideId "1112635"]
[EventDate "2019.12.29"]

1. d4 d5 2. Bf4 c5 3. e3 Nc6 4. c3 Bf5 5. Nd2 e6 6. Ngf3 Bd6 7. Bxd6 Qxd6 8. Nh4
Bg6 9. Nxg6 hxg6 10. g3 Nf6 11. Bg2 e5 12. dxe5 Qxe5 13. O-O O-O 14. Nf3 Qe7 15.
Qa4 Rad8 16. Rad1 Rfe8 17. Qh4 Ne4 18. Qxe7 Rxe7 19. Nd2 Nf6 20. Nb3 b6 21. Rd2
Ne5 22. Rfd1 Nc4 23. Rc2 Red7 24. Nd2 Ne5 25. Nf3 Nxf3+ 26. Bxf3 Kf8 27. Rcd2
Ke7 28. h4 Rd6 29. Kg2 Ke6 30. g4 Ne4 31. Rd3 f5 32. g5 c4 33. Rd4 Nc5 34. Be2
Ke7 35. Kg3 Ne6 36. R4d2 Nc5 37. Bf3 Ne4+ 38. Bxe4 dxe4 39. Rd4 b5 40. Kf4 Rxd4
41. Rxd4 Rxd4 42. exd4 Ke6 43. f3 exf3 44. Kxf3 Kd5 45. Kf4 Ke6 46. Ke3 1/2-1/2

[Event "Mondiale Lampo FIDE 2019"]
[Site "Mosca"]
[Date "29.12.2019"]
[Round "5.70"]
[White "Huzman, Alexander"]
[Black "Sjugirov, Sanan"]
[Result "0-1"]
[WhiteTitle "GM"]
[BlackTitle "GM"]
[WhiteElo "2567"]
[BlackElo "2665"]
[WhiteFideId "2803828"]
[BlackFideId "4189302"]
[EventDate "2019.12.29"]

1. Nf3 Nf6 2. c4 g6 3. Nc3 Bg7 4. e4 d6 5. d4 O-O 6. Be2 Na6 7. O-O e5 8. Re1 c6
9. d5 c5 10. Bg5 h6 11. Bd2 Kh8 12. g3 Bd7 13. a3 Ng8 14. Nh4 Kh7 15. Bd3 h5 16.
Rb1 Bh6 17. b4 b6 18. Bxh6 Nxh6 19. Qd2 Kg7 20. Ng2 Qe7 21. Bc2 Rac8 22. Bd3 f6
23. Nd1 Nf7 24. h4 Nh6 25. Nde3 Rce8 26. Rf1 f5 27. exf5 gxf5 28. f4 Qf6 29. Kh1
Qg6 30. Qf2 Rf7 31. Bc2 Nc7 32. b5 Ref8 33. a4 Ne8 34. Rbe1 Re7 35. Bb1 Qf7 36.
Qd2 Qg6 37. Qf2 Kg8 38. Bc2 Rg7 39. Kh2 Nf6 40. Bd1 Ne4 41. Qf3 Nxg3 42. Rg1 Ne4
43. fxe5 Ng4+ 44. Nxg4 hxg4 45. Qf4 g3+ 0-1

[Event "Mondiale Lampo FIDE 2019"]
[Site "Mosca"]
[Date "29.12.2019"]
[Round "5.71"]
[White "Vokhidov, Shamsiddin"]
[Black "Postny, Evgeny"]
[Result "1-0"]
[WhiteTitle "IM"]
[BlackTitle "GM"]
[WhiteElo "2526"]
[BlackElo "2605"]
[WhiteFideId "14204223"]
[BlackFideId "2804344"]
[EventDate "2019.12.29"]

1. e4 e5 2. Nf3 Nc6 3. Bc4 Nf6 4. d3 Be7 5. O-O d6 6. a4 O-O 7. Re1 Be6 8. Nbd2
Qd7 9. Bxe6 Qxe6 10. Nc4 Rad8 11. Qe2 Rfe8 12. c3 Bf8 13. Bg5 h6 14. Bh4 Ne7 15.
Rad1 Ng6 16. g3 c6 17. Ne3 Rd7 18. Bxf6 Qxf6 19. h4 Qe6 20. h5 Ne7 21. Nh4 Qb3
22. a5 Red8 23. d4 exd4 24. cxd4 Qe6 25. Qf3 Re8 26. Nhf5 Nxf5 27. exf5 Qf6 28.
d5 cxd5 29. Nxd5 Rxe1+ 30. Rxe1 Qxb2 31. f6 Rd8 32. Qg4 Qb3 33. Ne7+ Kh8 34.
fxg7+ Bxg7 35. Nf5 Qc3 36. Re7 Rg8 37. Rxf7 Qe5 38. Nh4 Qe1+ 39. Kh2 Bf6 40. Qf4
Bg5 41. Qd4+ Qe5 42. Ng6+ Rxg6 43. Qxe5+ dxe5 44. hxg6 1-0

[Event "Mondiale Lampo FIDE 2019"]
[Site "Mosca"]
[Date "29.12.2019"]
[Round "5.72"]
[White "Gutenev, Alexander"]
[Black "Grachev, Boris"]
[Result "0-1"]
[WhiteTitle "IM"]
[BlackTitle "GM"]
[WhiteElo "2469"]
[BlackElo "2614"]
[WhiteFideId "4195540"]
[BlackFideId "4129199"]
[EventDate "2019.12.29"]

1. e4 c5 2. Nf3 e6 3. d4 cxd4 4. Nxd4 Nf6 5. Nc3 Nc6 6. Nxc6 bxc6 7. e5 Nd5 8.
Ne4 Bb7 9. Be2 c5 10. O-O Qc7 11. Nd6+ Bxd6 12. exd6 Qc6 13. f3 c4 14. Qd4 O-O
15. Bxc4 Qxd6 16. Rd1 Rfc8 17. b3 Qb6 18. Qxb6 Nxb6 19. Bd3 a5 20. Kf2 f5 21. c4
d5 22. cxd5 Nxd5 23. Bd2 Ba6 24. Bxa6 Rxa6 25. Rac1 Rb8 26. Rc4 a4 27. b4 a3 28.
Rdc1 Kf7 29. Rb1 Ra4 30. Ke2 Rb7 31. Kd3 Nc7 32. Kc2 Nb5 33. Be3 Nd6 34. Rh4 Ra8
35. Bc5 Rc8 36. Rd4 Nb5 37. Rd3 Na7 38. Rbd1 Rcc7 39. Kb3 Nb5 40. Rd8 h6 41. Re1
Rc6 42. Rf8+ Kg6 43. Re8 Nc7 44. Rc8 Rxc5 45. Kxa3 Nb5+ 0-1

[Event "Mondiale Lampo FIDE 2019"]
[Site "Mosca"]
[Date "29.12.2019"]
[Round "5.73"]
[White "Savchenko, Boris"]
[Black "Galkin, Alexander"]
[Result "1-0"]
[WhiteTitle "GM"]
[BlackTitle "GM"]
[WhiteElo "2577"]
[BlackElo "2611"]
[WhiteFideId "4147332"]
[BlackFideId "4120426"]
[EventDate "2019.12.29"]

1. e4 c6 2. Nc3 d5 3. Nf3 Bg4 4. h3 Bxf3 5. Qxf3 Nf6 6. Be2 e6 7. O-O Nbd7 8. d3
Bd6 9. g3 O-O 10. Qg2 dxe4 11. dxe4 e5 12. Nb1 b5 13. Nd2 Qc7 14. c3 Rad8 15. h4
Nc5 16. Qf3 Ne6 17. Nb3 a5 18. a4 b4 19. Kg2 Rfe8 20. Be3 Nd7 21. Rfd1 Ndc5 22.
Nd2 bxc3 23. bxc3 Bf8 24. Nc4 Rxd1 25. Bxd1 f6 26. Bc2 Rb8 27. Rd1 Kh8 28. Qf5
Rd8 29. Rh1 Qb7 30. h5 h6 31. Qg4 Qa6 32. Qe2 Rb8 33. Re1 Ng5 34. Bxc5 Bxc5 35.
Nxe5 Qxe2 36. Ng6+ Kh7 37. Rxe2 Kg8 38. Bd3 Kf7 39. f4 Nh7 40. e5 fxe5 41. Nxe5+
Kg8 42. Bc4+ 1-0

[Event "Mondiale Lampo FIDE 2019"]
[Site "Mosca"]
[Date "29.12.2019"]
[Round "5.74"]
[White "Christiansen, Johan-Sebastian"]
[Black "Rozum, Ivan"]
[Result "1-0"]
[WhiteTitle "GM"]
[BlackTitle "GM"]
[WhiteElo "2597"]
[BlackElo "2573"]
[WhiteFideId "1512668"]
[BlackFideId "24104272"]
[EventDate "2019.12.29"]

1. e4 c6 2. d4 d5 3. Nd2 dxe4 4. Nxe4 Bf5 5. Ng3 Bg6 6. h4 h6 7. Nh3 e6 8. Nf4
Bh7 9. Bc4 Nf6 10. O-O Bd6 11. Re1 O-O 12. Ngh5 Nxh5 13. Nxh5 Qxh4 14. g3 Qe7
15. Qg4 Bg6 16. Bxh6 gxh6 17. Rxe6 fxe6 18. Qxg6+ Kh8 19. Bd3 Nd7 20. Qxh6+ Kg8
21. Qg6+ Kh8 22. Re1 Qf7 23. Qh6+ Kg8 24. Qg5+ Kh8 25. Rxe6 Qxf2+ 26. Kh1 Qf3+
27. Kh2 Bxg3+ 28. Nxg3 Nf6 29. Qh6+ Kg8 30. Qg6+ Kh8 31. Rxf6 Qxg3+ 1-0

[Event "Mondiale Lampo FIDE 2019"]
[Site "Mosca"]
[Date "29.12.2019"]
[Round "5.75"]
[White "Hansen, Eric"]
[Black "Rychagov, Andrey"]
[Result "0-1"]
[WhiteTitle "GM"]
[BlackTitle "GM"]
[WhiteElo "2606"]
[BlackElo "2545"]
[WhiteFideId "2606771"]
[BlackFideId "4119932"]
[EventDate "2019.12.29"]

1. e4 e6 2. d4 d5 3. Nc3 Nf6 4. Bg5 dxe4 5. Nxe4 Nbd7 6. Nf3 h6 7. Nxf6+ Nxf6 8.
Be3 Bd6 9. Bd3 b6 10. Ne5 O-O 11. Qf3 Nd5 12. Bd2 Bb7 13. O-O c5 14. Rae1 Qc7
15. Qg3 Kh8 16. Qh3 Kg8 17. Bxh6 gxh6 18. Qxh6 f6 19. Re4 f5 20. Qxe6+ Rf7 21.
Rh4 Qe7 22. Rh8+ Kxh8 23. Ng6+ Kg7 24. Nxe7 Bxe7 25. Bxf5 Rf6 26. Qe5 Bd6 27.
Qe4 Raf8 28. Be6 Re8 29. Qg4+ Rg6 30. Qh4 Rexe6 31. dxc5 Bxc5 32. c4 Nf4 33.
Qxf4 Rxg2+ 0-1

[Event "Mondiale Lampo FIDE 2019"]
[Site "Mosca"]
[Date "29.12.2019"]
[Round "5.76"]
[White "Harsha, Bharathakoti"]
[Black "Alekseenko, Kirill"]
[Result "1-0"]
[WhiteTitle "GM"]
[BlackTitle "GM"]
[WhiteElo "2523"]
[BlackElo "2704"]
[WhiteFideId "5078776"]
[BlackFideId "4135539"]
[EventDate "2019.12.29"]

1. c4 e5 2. g3 Nc6 3. Bg2 g6 4. Nc3 d6 5. Nf3 Bg7 6. O-O f5 7. d3 Nf6 8. Rb1 a5
9. a3 O-O 10. b4 axb4 11. axb4 h6 12. b5 Ne7 13. Bb2 g5 14. Nd2 Rb8 15. Nd5
Nexd5 16. cxd5 b6 17. Ra1 Bd7 18. Qb3 Kh7 19. Rfc1 h5 20. Ra7 Rc8 21. Nf3 Ne8
22. Ne1 h4 23. Nc2 g4 24. Nb4 Bh6 25. Nc6 Qf6 26. Rf1 f4 27. Bc1 f3 28. exf3
gxf3 29. Bh1 hxg3 30. hxg3 Bxc1 31. Rxc1 Qh6 32. Rc4 Kg7 33. Qd1 Qf6 34. Rh4
Bxc6 35. bxc6 Rf7 36. Raa4 Kf8 37. Rag4 Ke7 38. d4 Ra8 39. Re4 Ra5 40. dxe5 dxe5
41. Re3 Nd6 42. Rxf3 Qg7 43. Rxf7+ Qxf7 44. Qe2 Ra1+ 45. Kh2 Qf6 46. Rh5 Nf7 47.
Be4 Kd6 48. Qe3 Ra4 49. Kg2 Rd4 50. Rf5 Qg7 51. Qa3+ 1-0

[Event "Mondiale Lampo FIDE 2019"]
[Site "Mosca"]
[Date "29.12.2019"]
[Round "5.77"]
[White "Deviatkin, Andrei"]
[Black "Inarkiev, Ernesto"]
[Result "1-0"]
[WhiteTitle "GM"]
[BlackTitle "GM"]
[WhiteElo "2436"]
[BlackElo "2663"]
[WhiteFideId "4121260"]
[BlackFideId "4162722"]
[EventDate "2019.12.29"]

1. d4 Nf6 2. Nf3 e6 3. Bg5 c5 4. e3 Qb6 5. Bxf6 Qxb2 6. Nbd2 gxf6 7. Bd3 cxd4 8.
exd4 Nc6 9. O-O Nxd4 10. Rb1 Nxf3+ 11. Qxf3 Qd4 12. Rfd1 h5 13. Ba6 f5 14. Bxb7
Bxb7 15. Rxb7 Qg4 16. Rxd7 Rc8 17. h3 Qxf3 18. Nxf3 Bc5 19. Ne5 O-O 20. Rb7 Rfd8
21. Rxd8+ Rxd8 22. Nd3 Bb6 23. a4 Rc8 24. a5 Bd4 25. Rb4 e5 26. c4 Kg7 27. Kf1
Kf6 28. f3 e4 29. Nf4 Ke5 30. Nxh5 e3 31. Ke2 Bc5 32. Rb7 Rd8 33. f4+ Ke6 34.
Rb2 Rd4 35. g4 Rxc4 36. Ng7+ Kd5 37. Nxf5 Rc3 38. Ra2 Ke4 39. Ng3+ Kxf4 40. Nh5+
Ke4 41. Nf6+ Ke5 42. Nd7+ Kd6 43. Nxc5 Kxc5 44. h4 Kb5 45. h5 Rc4 46. Kxe3 Rxg4
47. Rh2 Rg7 48. h6 Rh7 49. Rh5+ Kc6 50. Kd4 a6 51. Ke5 Kc7 52. Kf6 Kd7 53. Kg5
Ke6 54. Rh1 Ke7 55. Re1+ Kd7 56. Rb1 Rh8 57. Rb6 Rg8+ 58. Kf6 Rg1 59. Kxf7 Rf1+
60. Rf6 Rg1 61. h7 Rh1 62. Kg7 1-0

[Event "Mondiale Lampo FIDE 2019"]
[Site "Mosca"]
[Date "29.12.2019"]
[Round "5.78"]
[White "Kobalia, Mikhail"]
[Black "Ismagambetov, Anuar"]
[Result "1-0"]
[WhiteTitle "GM"]
[BlackTitle "GM"]
[WhiteElo "2609"]
[BlackElo "2528"]
[WhiteFideId "4119150"]
[BlackFideId "13701525"]
[EventDate "2019.12.29"]

1. e4 c5 2. Nf3 Nc6 3. Bb5 g6 4. Bxc6 bxc6 5. O-O Bg7 6. Re1 Rb8 7. h3 e5 8. c3
Ne7 9. d4 cxd4 10. cxd4 exd4 11. Nxd4 c5 12. Nb3 d6 13. Nc3 Nc6 14. Bf4 Ne5 15.
Qd2 O-O 16. Rad1 c4 17. Nd4 Bb7 18. Ndb5 Nd3 19. Bxd6 Nxe1 20. Qxe1 Qa5 21. Bxf8
Rxf8 22. Nd6 Bc6 23. Nxc4 Qb4 24. Qe2 Re8 25. Nd6 Re6 26. Nc4 Bf6 27. Nd5 Bxd5
28. Rxd5 Kg7 29. e5 Be7 30. b3 Qc3 31. Qd2 Qa1+ 32. Kh2 h5 33. Rd7 Qf1 34. Qf4
Qe2 35. Rxe7 1-0